[Event "Griesheim op"]
[White "Meisinger, Herbert"]
[Black "Fey, Karl Heinz"]
[Site "Griesheim"]
[Round "5"]
[Result "1-0"]
[Date "2011.05.??"]
[WhiteElo "1189"]
[BlackElo "816"]
[PlyCount "31"]
[EventDate "2011.05.??"]
[EventType "swiss"]
[EventRounds "5"]
[EventCountry "GER"]
[SourceTitle "CBM 142 Extra"]
[Source "ChessBase"]
[SourceDate "2011.06.27"]
[SourceVersion "1"]
[SourceVersionDate "2011.06.27"]
[SourceQuality "1"]

1. d4 Nf6 2. c4 e6 3. Nf3 b6 4. Bg5 Be7 5. Nc3 Bb7 6. e3 d5 7. cxd5 exd5 8. Ne5 Ne4 9. Bxe7 Qxe7 10. Bb5+ c6 11. Nxe4 dxe4 12. Bc4 0-0 13. 0-0 Kh8 14. Qb3 h6 15. Bxf7 Nd7 16. Ng6+ 1-0

[Event "Griesheim op"]
[White "Nagel, Erwin"]
[Black "Meisinger, Herbert"]
[Site "Griesheim"]
[Round "3"]
[Result "1-0"]
[Date "2011.05.??"]
[WhiteElo "1687"]
[BlackElo "1189"]
[PlyCount "43"]
[EventDate "2011.05.??"]
[EventType "swiss"]
[EventRounds "5"]
[EventCountry "GER"]
[SourceTitle "CBM 142 Extra"]
[Source "ChessBase"]
[SourceDate "2011.06.27"]
[SourceVersion "1"]
[SourceVersionDate "2011.06.27"]
[SourceQuality "1"]

1. e4 c5 2. f4 d6 3. Nc3 Nf6 4. Nf3 e6 5. g3 Nc6 6. Bg2 Be7 7. d3 Qb6 8. 0-0 Ng4 9. Kh1 c4 10. Qe2 cxd3 11. cxd3 Nf6 12. Be3 Qd8 13. h3 Nh5 14. Kh2 0-0 15. Rad1 f5 16. Ng5 Nf6 17. exf5 h6 18. Nxe6 Bxe6 19. fxe6 d5 20. d4 Qd6 21. f5 Nh7 22. Nxd5 1-0